[Event "Petermaennchen op 1st"]
[Site "Schwerin"]
[Date "1997.??.??"]
[Round "?"]
[White "Enders, Peter"]
[Black "Safin, Shukhrat"]
[Result "1/2-1/2"]
[WhiteElo "2535"]
[BlackElo "2510"]
[PlyCount "75"]
[EventDate "1997.??.??"]
[Source "www.chesslib.no"]
[SourceDate "2004.05.04"]

1. e4 e5 2. Nf3 Nc6 3. Bb5 a6 4. Ba4 d6 5. O-O Bd7 6. c3 Nge7 7. d4 Ng6 8. dxe5 dxe5 9. Be3 Qc8 10. c4 Nd8 11. Nc3 Ne6 12. Nd5 f6 13. Re1 Be7 14. Rc1 Bxa4 15. Qxa4+ Qd7 16. Qb3 b6 17. Red1 Qc6 18. c5 bxc5 19. Rc2 Rd8 20. Rdc1 Qd7 21. Nxe7 Nxe7 22. h3 Kf7 23. Bxc5 Qb5 24. Qa3 Nc6 25. Ne1 Rd7 26. Kh2 Rhd8 27. Be3 Ncd4 28. Bxd4 Rxd4 29. Qe3 c5 30. b3 a5 31. Rc4 a4 32. Rxa4 Rxa4 33. bxa4 Qxa4 34. Nd3 Qd4 35. Nxc5 Qxe3 36. fxe3 Nxc5 37. Rxc5 Ra8 38. Rc2 1/2-1/2

[Event "ISL-ISR"]
[Site "Reykjavik"]
[Date "1996.??.??"]
[Round "1"]
[White "Kosashvili, Yona"]
[Black "Gretarsson, Helgi Ass"]
[Result "1-0"]
[WhiteElo "2580"]
[BlackElo "2450"]
[PlyCount "61"]
[EventDate "1996.04.??"]
[Source "ChessBase"]

1. e4 e5 2. Nf3 Nc6 3. Bb5 a6 4. Ba4 d6 5. O-O Bd7 6. c3 Nge7 7. d4 Ng6 8. c4 b5 9. Bc2 Bg4 10. d5 Nd4 11. Be3 Nxf3+ 12. gxf3 Bh3 13. Kh1 Bxf1 14. Qxf1 Be7 15. cxb5 O-O 16. bxa6 Qb8 17. b3 h6 18. Bd3 Bg5 19. Nc3 Nh4 20. Qh3 Qb4 21. Rc1 g6 22. Qg3 Kg7 23. Nb1 Rfc8 24. Bc4 c6 25. Nc3 Bxe3 26. fxe3 g5 27. f4 cxd5 28. fxg5 hxg5 29. Qxg5+ Ng6 30. Nxd5 Qd2 31. Qf6+ 1-0

[Event "National Open"]
[Site "Las Vegas, NV USA"]
[Date "1995.??.??"]
[Round "5"]
[White "Fedorowicz, John P"]
[Black "Ivanov, Igor V"]
[Result "1/2-1/2"]
[WhiteElo "2545"]
[BlackElo "2475"]
[PlyCount "62"]
[EventDate "1995.??.??"]
[Source "www.chesslib.no"]
[SourceDate "2004.05.04"]

1. e4 e5 2. Nf3 Nc6 3. Bb5 a6 4. Ba4 d6 5. c3 Bd7 6. O-O Nge7 7. d4 Ng6 8. Be3 Be7 9. Nbd2 h6 10. Re1 Bg5 11. Nf1 Bxe3 12. Nxe3 O-O 13. a3 Nh4 14. Nxh4 Qxh4 15. d5 Nb8 16. Bc2 Bc8 17. b4 Nd7 18. g3 Qe7 19. c4 Nf6 20. Bd3 a5 21. Qd2 b6 22. f3 Bd7 23. Qc3 Rfb8 24. Bf1 axb4 25. axb4 Be8 26. Ra3 Qd8 27. Rea1 Rxa3 28. Rxa3 Ra8 29. Rxa8 Qxa8 30. Kf2 c5 31. dxc6 Bxc6 1/2-1/2

[Event "Corr"]
[Site "?"]
[Date "2000.09.01"]
[Round "?"]
[White "Fleetwood Daniel M.(USA)"]
[Black "Samraoui Mekki"]
[Result "1/2-1/2"]
[WhiteElo "2498"]
[BlackElo "2520"]
[PlyCount "55"]
[EventDate "2000.??.??"]
[Source "www.chesslib.no"]
[SourceDate "2004.05.04"]

1. e4 e5 2. Nf3 Nc6 3. Bb5 a6 4. Ba4 d6 5. O-O Nge7 6. c3 Bd7 7. d4 Ng6 8. Re1 Be7 9. Nbd2 O-O 10. Nf1 b5 11. Bc2 Bg4 12. d5 Nh4 13. N1d2 Na5 14. h3 Bh5 15. g4 Nxf3+ 16. Nxf3 Bg6 17. Kg2 c6 18. dxc6 Qc7 19. h4 Qc8 20. Kg3 h5 21. Nh2 hxg4 22. Nxg4 f5 23. exf5 Bxf5 24. c7 Bxc2 25. Qxc2 Qe6 26. h5 Rac8 27. h6 g6 28. Qe2 1/2-1/2

[Event "Katowice Open"]
[Site "Katowice POL"]
[Date "1993.??.??"]
[Round "5"]
[White "Savon, Vladimir A"]
[Black "Malaniuk, Vladimir P"]
[Result "0-1"]
[WhiteElo "2415"]
[BlackElo "2600"]
[PlyCount "104"]
[EventDate "1993.01.??"]
[Source "www.chesslib.no"]
[SourceDate "2004.05.04"]

1. e4 e5 2. Nf3 Nc6 3. Bb5 a6 4. Ba4 d6 5. c3 Bd7 6. O-O Nge7 7. d4 Ng6 8. Re1 Be7 9. Nbd2 O-O 10. Nf1 Nh4 11. Nxh4 Bxh4 12. Ne3 Bg5 13. Nd5 Bxc1 14. Rxc1 Nb8 15. dxe5 dxe5 16. Re2 Bg4 17. f3 Be6 18. Bb3 Nd7 19. Rd2 c6 20. Ne3 Qb6 21. Bxe6 Qxe3+ 22. Kh1 Nc5 23. Bc4 b5 24. Bf1 Qg5 25. Qc2 Rad8 26. Rcd1 h5 27. g3 h4 28. Kg2 Ne6 29. Kf2 g6 30. Rxd8 Rxd8 31. Rxd8+ Qxd8 32. Qd3 Qa5 33. a3 Qa4 34. Be2 Qb3 35. Qd2 a5 36. Bd1 Qa2 37. Be2 Qb1 38. Kg2 a4 39. Bd3 Qa2 40. Be2 Qa1 41. Bd1 c5 42. Be2 c4 43. f4 Qb1 44. Bf3 exf4 45. gxf4 Kh7 46. Kf2 Nc5 47. Ke3 Nb3 48. Qd6 Qg1+ 49. Ke2 Nc1+ 50. Kd2 Nd3 51. Bd1 Qe1+ 52. Kc2 Qf2+ 0-1

[Event "Luzern ol (Men)"]
[Site "Lucerne SUI"]
[Date "1982.??.??"]
[Round "2"]
[White "Huebner, Robert"]
[Black "Williams, Arthur H"]
[Result "1-0"]
[WhiteElo "2620"]
[BlackElo "2390"]
[PlyCount "69"]
[EventDate "1982.10.??"]
[Source "www.chesslib.no"]
[SourceDate "2004.05.04"]

1. e4 e5 2. Nf3 Nc6 3. Bb5 a6 4. Ba4 d6 5. O-O Bd7 6. c3 Nge7 7. d4 Ng6 8. Re1 Be7 9. Nbd2 O-O 10. Nf1 Bg4 11. d5 Nb8 12. Ne3 Bxf3 13. Qxf3 Bg5 14. Qg4 h6 15. c4 a5 16. g3 Na6 17. h4 Bxe3 18. Bxe3 Nc5 19. Bc2 Qd7 20. Qh5 b6 21. Qf5 Ne7 22. Qxd7 Nxd7 23. f4 f5 24. Ba4 Nc5 25. Bxc5 bxc5 26. fxe5 dxe5 27. exf5 Nxf5 28. Rxe5 Nd4 29. Kg2 Rab8 30. b3 Rb6 31. Rf1 Rxf1 32. Kxf1 Rf6+ 33. Kg2 Kh7 34. Be8 Nf5 35. h5 1-0

[Event "URS-FL56"]
[Site "Klaipeda"]
[Date "1988.??.??"]
[Round "?"]
[White "Kholmov, Ratmir D"]
[Black "Goldin, Alexander"]
[Result "1/2-1/2"]
[WhiteElo "2475"]
[BlackElo "2530"]
[PlyCount "81"]
[EventDate "1988.11.??"]
[Source "ChessBase"]

1. e4 e5 2. Nf3 Nc6 3. Bb5 a6 4. Ba4 d6 5. O-O Bd7 6. c3 Nge7 7. d4 Ng6 8. Be3 Be7 9. Nbd2 h6 10. Re1 Bg5 11. Nf1 Bxe3 12. Nxe3 O-O 13. dxe5 Ncxe5 14. Bc2 Re8 15. g3 Nxf3+ 16. Qxf3 Ne5 17. Qd1 Bc6 18. f4 Nd7 19. Nf5 Nf6 20. Qd4 Bd7 21. Nh4 Qe7 22. e5 dxe5 23. fxe5 Nh7 24. Nf5 Bxf5 25. Bxf5 Ng5 26. Bg4 Rad8 27. Qe3 Ne6 28. Rad1 Qc5 29. Qxc5 Nxc5 30. Rd4 c6 31. Re3 Kf8 32. Kf2 Rxd4 33. cxd4 Ne6 34. Bxe6 fxe6 35. Rb3 Re7 36. Ke3 Ke8 37. Ke4 Rf7 38. h4 Kd8 39. Ke3 Kc7 40. Ke2 a5 41. Ra3 1/2-1/2

[Event "Chigorin Memorial"]
[Site "St Petersburg RUS"]
[Date "1995.??.??"]
[Round "7"]
[White "Cherniaev, Alexander"]
[Black "Kharitonov, Andrei Y"]
[Result "1/2-1/2"]
[WhiteElo "2450"]
[BlackElo "2550"]
[PlyCount "20"]
[EventDate "1995.09.??"]
[Source "www.chesslib.no"]
[SourceDate "2004.05.04"]

1. e4 e5 2. Nf3 Nc6 3. Bb5 a6 4. Ba4 d6 5. c3 Bd7 6. O-O Nge7 7. d4 Ng6 8. Re1 Be7 9. Nbd2 h6 10. Nf1 Bg5 1/2-1/2

[Event "Capablanca mem-B"]
[Site "Matanzas"]
[Date "1992.??.??"]
[Round "11"]
[White "Antunes, Antonio"]
[Black "Arencibia, Walter"]
[Result "1/2-1/2"]
[WhiteElo "2465"]
[BlackElo "2535"]
[PlyCount "84"]
[EventDate "1992.05.??"]
[Source "ChessBase"]

1. e4 e5 2. Nf3 Nc6 3. Bb5 a6 4. Ba4 d6 5. O-O Bd7 6. c3 Nge7 7. d4 Ng6 8. c4 Nxd4 9. Bxd7+ Qxd7 10. Nxd4 exd4 11. Qxd4 Be7 12. Nc3 Bf6 13. Qd3 Bxc3 14. Qxc3 O-O 15. Be3 Rae8 16. f3 f5 17. exf5 Qxf5 18. Rae1 Ne5 19. Bd4 Nd3 20. Rxe8 Rxe8 21. Qc2 Qg6 22. Rd1 Nf4 23. Qxg6 hxg6 24. Kf1 b5 25. cxb5 axb5 26. Bc3 Kf7 27. g3 Ne6 28. h4 Ra8 29. a3 Nc5 30. Bd4 Nb3 31. Bc3 Rd8 32. Kf2 d5 33. Be5 c5 34. f4 d4 35. g4 c4 36. h5 Rd5 37. Kf3 gxh5 38. gxh5 d3 39. Rg1 d2 40. Ke2 Nd4+ 41. Bxd4 Rxd4 42. Kd1 Rd3 1/2-1/2

[Event "London WFW"]
[Site "London"]
[Date "1990.??.??"]
[Round "?"]
[White "King, Daniel J"]
[Black "Tisdall, Jonathan D"]
[Result "1/2-1/2"]
[WhiteElo "2515"]
[BlackElo "2480"]
[PlyCount "45"]
[EventDate "1990.04.??"]
[Source "ChessBase"]

1. e4 e5 2. Nf3 Nc6 3. Bb5 a6 4. Ba4 d6 5. O-O Bd7 6. c3 Nge7 7. d4 Ng6 8. Nbd2 Be7 9. Re1 O-O 10. Nf1 Nh4 11. Nxh4 Bxh4 12. Ng3 Bf6 13. Be3 g6 14. f4 exf4 15. Bxf4 Bg7 16. Qd2 Na5 17. Bxd7 Qxd7 18. b3 Rae8 19. Bh6 Bxh6 20. Qxh6 Nc6 21. Rf1 f6 22. Rf4 Qg7 23. Qxg7+ 1/2-1/2

[Event "Esbjerg"]
[Site "Esbjerg DEN"]
[Date "1985.??.??"]
[Round "6"]
[White "Hjartarson, Johann"]
[Black "Mortensen, Erling"]
[Result "1-0"]
[WhiteElo "2530"]
[BlackElo "2460"]
[PlyCount "67"]
[EventDate "1985.07.??"]
[Source "www.chesslib.no"]
[SourceDate "2004.05.04"]

1. e4 e5 2. Nf3 Nc6 3. Bb5 a6 4. Ba4 d6 5. c3 Bd7 6. O-O Nge7 7. d4 Ng6 8. Be3 Be7 9. Nbd2 O-O 10. a3 Kh8 11. Bc2 a5 12. d5 Nb8 13. b4 Nh4 14. Nxh4 Bxh4 15. Qe2 Bg5 16. Bd3 Bxe3 17. Qxe3 f5 18. f4 exf4 19. Qxf4 g5 20. Qe3 f4 21. Qd4+ Qf6 22. Qxf6+ Rxf6 23. e5 dxe5 24. Ne4 Rf8 25. Nxg5 h6 26. Nf3 Re8 27. Rae1 axb4 28. axb4 Ra3 29. Nxe5 Rxc3 30. Rxf4 Kg8 31. Rf3 Kg7 32. Rg3+ Kf8 33. Nxd7+ Nxd7 34. Rxe8+ 1-0

[Event "Ordzhonikidze zt 1.9"]
[Site "Ordzhonikidze"]
[Date "2000.06.16"]
[Round "8"]
[White "Brodsky, Michail"]
[Black "Kuzmin, Gennadi P"]
[Result "1-0"]
[WhiteElo "2514"]
[BlackElo "2466"]
[PlyCount "145"]
[EventDate "2000.06.09"]
[Source "ChessBase"]
[SourceDate "2000.10.18"]

1. e4 e5 2. Nf3 Nc6 3. Bb5 a6 4. Ba4 d6 5. c3 Bd7 6. d4 Nf6 7. Qe2 Qe7 8. d5 Nb8 9. Bc2 g6 10. c4 Bg7 11. Nc3 O-O 12. O-O Nh5 13. Bg5 f6 14. Be3 f5 15. exf5 gxf5 16. Ng5 Nf6 17. f4 e4 18. Ba4 Bc8 19. Rad1 c5 20. dxc6 bxc6 21. Qd2 h6 22. Nh3 Ng4 23. Bd4 e3 24. Qe2 Bb7 25. Bxg7 Kxg7 26. Bc2 Bc8 27. Kh1 Ra7 28. Ng1 Rb7 29. Bb1 Kh8 30. Nf3 Rg8 31. Rde1 Nf2+ 32. Rxf2 exf2 33. Qxf2 Qf6 34. Nh4 c5 35. h3 Nc6 36. Nd5 Qxb2 37. Qf3 Qg7 38. Qh5 Nd4 39. Bd3 Be6 40. Rxe6 Nxe6 41. Bxf5 Nf8 42. Be4 Rf7 43. a3 Rf6 44. Nf5 Rxf5 45. Qxf5 Nd7 46. Qe6 Rd8 47. Qxd6 Re8 48. Bf5 Re2 49. Bg4 Re1+ 50. Kh2 Nf8 51. Qxc5 Rc1 52. Qb4 a5 53. Qxa5 Rxc4 54. Qb6 Rd4 55. Nf6 Rd2 56. Nh5 Qg6 57. Qc7 Kg8 58. Qe5 Kf7 59. Bf3 Qd6 60. Qg7+ Ke8 61. a4 Ra2 62. Qc3 Kd8 63. Qc4 Rd2 64. a5 Rd4 65. Qa2 Ne6 66. a6 Nxf4 67. Ng3 Ne6 68. a7 Nc7 69. a8=Q+ Nxa8 70. Qxa8+ Ke7 71. Bh5 Kf6 72. Qh8+ Kg5 73. Qg7+ 1-0

[Event "Balkaniad"]
[Site "Varna BUL"]
[Date "1994.??.??"]
[Round "2"]
[White "Ermenkov, Evgenij P"]
[Black "Lazic, Miroljub"]
[Result "1/2-1/2"]
[WhiteElo "2475"]
[BlackElo "2505"]
[PlyCount "84"]
[EventDate "1994.10.??"]
[Source "www.chesslib.no"]
[SourceDate "2004.05.04"]

1. e4 e5 2. Nf3 Nc6 3. Bb5 Nge7 4. c3 a6 5. Ba4 d6 6. d4 Bd7 7. O-O Ng6 8. Be3 Be7 9. dxe5 Ncxe5 10. Nxe5 dxe5 11. c4 c6 12. Nc3 Nf4 13. c5 O-O 14. Bb3 Qc7 15. Qc2 Be6 16. Rfd1 Bxb3 17. axb3 Rad8 18. Na4 Ne6 19. Nb6 h6 20. b4 Bg5 21. Nc4 Rxd1+ 22. Rxd1 Rd8 23. Rxd8+ Qxd8 24. Nxe5 Bxe3 25. fxe3 a5 26. bxa5 Qxa5 27. Nd3 Qa1+ 28. Kf2 Ng5 29. Nf4 Qa2 30. h3 Qa5 31. Kf1 Qb5+ 32. Kg1 Qb4 33. e5 Qe1+ 34. Kh2 Qxe3 35. Qf5 g6 36. Nxg6 fxg6 37. Qxg6+ Kf8 38. Qxh6+ Ke8 39. Qg6+ Ke7 40. Qf6+ Ke8 41. Qg6+ Ke7 42. Qf6+ Ke8 1/2-1/2

[Event "XXIII Open"]
[Site "Cappelle la Grande FRA"]
[Date "2007.03.05"]
[Round "4"]
[White "Sagafos, M."]
[Black "Gareev, T."]
[Result "0-1"]
[WhiteElo "2427"]
[BlackElo "2551"]
[PlyCount "70"]
[EventDate "2007.03.03"]
[Source "www.chesslib.no"]
[SourceDate "2004.05.04"]

1. e4 e5 2. Nf3 Nc6 3. Bb5 a6 4. Ba4 d6 5. c3 Bd7 6. O-O Nge7 7. d4 Ng6 8. Re1 Be7 9. Nbd2 h6 10. Nf1 Bg5 11. Ne3 Bxe3 12. Bxe3 O-O 13. h3 Re8 14. Bc2 Qf6 15. dxe5 Ncxe5 16. Nxe5 Qxe5 17. Qd2 Bc6 18. Bd4 Qg5 19. Be3 Qh5 20. f3 Re7 21. Qf2 Rae8 22. Rad1 Ne5 23. b3 Re6 24. f4 Nd7 25. f5 Re5 26. Bd4 R5e7 27. g4 Qg5 28. Re3 Bxe4 29. h4 Qxe3 30. Bxe3 Bxc2 31. Qxc2 Rxe3 32. Qg2 R8e4 33. Rf1 Ne5 34. Kh1 Rxg4 35. Qxb7 Rh3# 0-1

[Event "FRA-chT1"]
[Site "Drancy"]
[Date "2002.02.02"]
[Round "2.7"]
[White "Apicella, Manuel"]
[Black "Anic, Darko"]
[Result "1/2-1/2"]
[WhiteElo "2520"]
[BlackElo "2457"]
[PlyCount "157"]
[EventDate "2002.02.??"]
[Source "ChessBase"]
[SourceDate "2002.03.14"]

1. e4 e5 2. Nf3 Nc6 3. Bb5 a6 4. Ba4 d6 5. O-O Bd7 6. c3 Nge7 7. d4 Ng6 8. Re1 Be7 9. Nbd2 O-O 10. Nf1 Nh4 11. d5 Nb8 12. Bxd7 Nxd7 13. Ng3 Nxf3+ 14. Qxf3 Bg5 15. b4 Bxc1 16. Raxc1 a5 17. a3 Qg5 18. Qd3 Nf6 19. Qc4 Ng4 20. Nf1 Rfc8 21. f3 Nf6 22. Rb1 axb4 23. axb4 c6 24. Ra1 cxd5 25. Rxa8 Rxa8 26. Ra1 Re8 27. exd5 h5 28. h4 Qg6 29. Nd2 e4 30. fxe4 Nxe4 31. Re1 f5 32. Nxe4 fxe4 33. Qd4 Qg4 34. Qf2 Rf8 35. Qe2 Qxh4 36. Qxe4 Rf4 37. Qe3 Rf6 38. Qe2 Qg5 39. c4 h4 40. Rf1 Rxf1+ 41. Kxf1 Qf5+ 42. Kg1 Qb1+ 43. Kh2 Qxb4 44. Qe8+ Kh7 45. Qe4+ Kg8 46. Kh3 Qc3+ 47. Kxh4 Qf6+ 48. Kg4 Kf7 49. Qf5 Ke7 50. g3 Qd4+ 51. Kh3 Qf6 52. Qc8 Qf1+ 53. Kh4 Qh1+ 54. Kg5 Qc1+ 55. Kf5 Qc2+ 56. Kg4 Qe2+ 57. Kg5 Qd2+ 58. Kh5 Qh2+ 59. Kg6 Qh6+ 60. Kf5 Qh3+ 61. g4 Qh7+ 62. Kf4 Qh2+ 63. Ke3 Qg3+ 64. Ke4 Qg2+ 65. Kf5 Qc2+ 66. Kg5 Qd2+ 67. Kg6 Qh6+ 68. Kf5 Qh7+ 69. Kf4 Qh2+ 70. Ke3 Qg3+ 71. Ke4 Qg2+ 72. Kd3 Qf3+ 73. Kc2 Qf2+ 74. Kb3 Qb6+ 75. Ka4 Qa6+ 76. Kb4 Qb6+ 77. Kc3 Qe3+ 78. Kb4 Qb6+ 79. Kc3 1/2-1/2

[Event "FIDE-Wch k.o. (Women)"]
[Site "New Delhi"]
[Date "2000.12.03"]
[Round "3.1"]
[White "Galliamova, Alisa"]
[Black "Skripchenko Lautier, Almira"]
[Result "1-0"]
[WhiteElo "2526"]
[BlackElo "2450"]
[PlyCount "155"]
[EventDate "2000.11.27"]
[Source "ChessBase"]
[SourceDate "2001.01.11"]

1. e4 e5 2. Nf3 Nc6 3. Bb5 a6 4. Ba4 d6 5. O-O Bd7 6. c3 Nge7 7. d4 Ng6 8. Nbd2 Be7 9. Re1 h6 10. Nf1 Bg5 11. Ng3 Bxc1 12. Rxc1 O-O 13. Nf5 Re8 14. g3 Nf8 15. N3h4 Qf6 16. Ne3 b5 17. Nd5 Qd8 18. Bc2 Ne7 19. Ne3 Nfg6 20. Nhg2 exd4 21. cxd4 c5 22. d5 Kh8 23. f4 Ng8 24. Qf3 Bh3 25. g4 Bxg2 26. Nxg2 Qf6 27. b3 Rac8 28. Kh1 c4 29. b4 a5 30. bxa5 Ra8 31. g5 Qb2 32. h4 Rxa5 33. h5 Ra3 34. Ne3 Nf8 35. Bb1 Qd4 36. Rcd1 Qc5 37. Rd2 f5 38. gxf6 Nxf6 39. Rde2 Qd4 40. Nc2 Rxf3 41. Nxd4 Rxf4 42. Nxb5 Rd8 43. a4 Nxh5 44. Rh2 Nf6 45. a5 Ra8 46. Ra2 Rh4+ 47. Kg2 Ng6 48. Nxd6 Rg4+ 49. Kf2 Rh4 50. Ke3 Ne5 51. Rf1 Ra6 52. Kd4 Rxd6 53. Kxe5 Rd8 54. a6 Nxe4 55. Bxe4 Re8+ 56. Kd6 Rhxe4 57. a7 Ra8 58. Rb1 Ree8 59. Rb7 h5 60. Rc7 h4 61. Kc6 g5 62. d6 h3 63. Kb7 Red8 64. Rh2 g4 65. Rxc4 Rg8 66. d7 Rad8 67. Rd2 g3 68. Rh4+ Kg7 69. Rxh3 Kf6 70. Rh1 Ke5 71. Ra1 g2 72. a8=Q Rxa8 73. Rxg2 Rab8+ 74. Kc7 Rxg2 75. Kxb8 Rb2+ 76. Kc7 Rc2+ 77. Kd8 Ke6 78. Ke8 1-0

[Event "Podgorica"]
[Site "Podgorica"]
[Date "1993.??.??"]
[Round "5"]
[White "Poluljahov, Aleksandr"]
[Black "Lazic, Miroljub"]
[Result "1-0"]
[WhiteElo "2515"]
[BlackElo "2450"]
[PlyCount "57"]
[EventDate "1993.02.??"]
[Source "ChessBase"]

1. e4 e5 2. Nf3 Nc6 3. Bb5 Nge7 4. c3 a6 5. Ba4 d6 6. d4 Bd7 7. O-O Ng6 8. c4 Be7 9. d5 Nb8 10. Nc3 O-O 11. Be3 f5 12. Bxd7 Qxd7 13. b4 a5 14. exf5 Rxf5 15. bxa5 Rxa5 16. Nd2 Ra8 17. Qb3 b6 18. c5 Nh4 19. cxb6 cxb6 20. Qxb6 Nxg2 21. Kxg2 Rh5 22. Kf3 Qf5+ 23. Ke2 Nd7 24. Qb1 Qg4+ 25. f3 Rxh2+ 26. Rf2 Qh5 27. Qb7 Rd8 28. Nce4 Rh3 29. Rc1 1-0

[Event "It (Open) Bar SCG"]
[Site "?"]
[Date "2006.03.25"]
[Round "8"]
[White "Savic Miodrag R"]
[Black "Ivanovic Bozidar"]
[Result "1-0"]
[WhiteElo "2517"]
[BlackElo "2444"]
[PlyCount "104"]
[EventDate "2006.??.??"]
[Source "www.chesslib.no"]
[SourceDate "2004.05.04"]

1. e4 e5 2. Nf3 Nc6 3. Bb5 a6 4. Ba4 d6 5. c3 Bd7 6. O-O Nge7 7. d4 Ng6 8. Re1 Be7 9. Nbd2 h6 10. d5 Nb8 11. Bxd7+ Nxd7 12. b4 Bg5 13. Qc2 Bxd2 14. Nxd2 O-O 15. Nc4 Ne7 16. Ne3 a5 17. Bb2 Nb6 18. a3 f5 19. f3 fxe4 20. fxe4 Nd7 21. c4 Nf6 22. c5 Qe8 23. Nc4 Qg6 24. cxd6 cxd6 25. Nxd6 Ng4 26. h3 Rf2 27. Nf5 Nxf5 28. exf5 Rxc2 29. fxg6 Rxb2 30. hxg4 Ra6 31. Rad1 Rxg6 32. Re4 Rd6 33. bxa5 Rb5 34. Rxe5 Rxa5 35. Rd3 Ra4 36. g5 hxg5 37. Rxg5 b5 38. Rb3 Ra5 39. Kf2 Rda6 40. Rgg3 Kf7 41. Rbd3 Rd6 42. Rgf3+ Kg6 43. Rd4 Kg5 44. Kg3 g6 45. Rg4+ Kh6 46. Rd3 Rda6 47. Rgd4 Rxa3 48. d6 Rxd3+ 49. Rxd3 Ra8 50. Kf4 Kg7 51. d7 Rd8 52. Ke5 Ra8 1-0

[Event "Sao Paulo zt"]
[Site "Sao Paulo BRA"]
[Date "1972.??.??"]
[Round "12"]
[White "Mecking, Henrique"]
[Black "Rodriguez, Orestes"]
[Result "1/2-1/2"]
[WhiteElo "2540"]
[BlackElo "2420"]
[PlyCount "57"]
[EventDate "1972.??.??"]
[Source "www.chesslib.no"]
[SourceDate "2004.05.04"]

1. e4 e5 2. Nf3 Nc6 3. Bb5 a6 4. Ba4 d6 5. O-O Bd7 6. c3 Nge7 7. d4 Ng6 8. Nbd2 Be7 9. Re1 h6 10. Nf1 Bg5 11. Be3 Qf6 12. d5 Nb8 13. Bxd7+ Nxd7 14. Ng3 Nh4 15. Nxh4 Bxh4 16. Qg4 g6 17. f4 exf4 18. Qxf4 Qxf4 19. Bxf4 Bg5 20. Be3 Bxe3+ 21. Rxe3 O-O 22. Rae1 Rae8 23. Nf1 Re7 24. Nd2 Rfe8 25. Kf2 Kg7 26. h3 Ne5 27. Nf3 Nd7 28. Nd2 Ne5 29. Nf3 1/2-1/2

[Event "IBM"]
[Site "Amsterdam"]
[Date "1976.??.??"]
[Round "5"]
[White "Gipslis, Aivars"]
[Black "Bohm, Hans"]
[Result "1/2-1/2"]
[WhiteElo "2535"]
[BlackElo "2425"]
[PlyCount "47"]
[EventDate "1976.07.??"]
[Source "ChessBase"]

1. e4 e5 2. Nf3 Nc6 3. Bb5 Nge7 4. c3 a6 5. Ba4 d6 6. d4 Bd7 7. Bb3 h6 8. Ng1 Ng6 9. Ne2 Nh4 10. O-O g5 11. f4 gxf4 12. Nxf4 exf4 13. Bxf4 Qe7 14. Qh5 O-O-O 15. Bg3 Nxg2 16. Kxg2 Qxe4+ 17. Qf3 f5 18. Nd2 Qxf3+ 19. Nxf3 Re8 20. Nh4 Re2+ 21. Kf3 Re8 22. Bf7 Rd8 23. Kg2 Ne7 24. Ng6 1/2-1/2

[Event "Bad Zwesten op 1st"]
[Site "Bad Zwesten"]
[Date "1997.??.??"]
[Round "3"]
[White "Onischuk, Alexander"]
[Black "Lobzhanidze, Davit"]
[Result "1/2-1/2"]
[WhiteElo "2580"]
[BlackElo "2375"]
[PlyCount "107"]
[EventDate "1997.01.02"]
[Source "ChessBase"]

1. e4 e5 2. Nf3 Nc6 3. Bb5 a6 4. Ba4 Nge7 5. O-O d6 6. c3 Bd7 7. d4 Ng6 8. d5 Nb8 9. Bc2 Be7 10. Re1 O-O 11. Nbd2 Nh4 12. Nxh4 Bxh4 13. b4 Bg5 14. c4 f5 15. exf5 Bxd2 16. Bxd2 Bxf5 17. c5 Qh4 18. Bb3 Nd7 19. Qe2 Nf6 20. f3 Bg6 21. Rac1 Nh5 22. g3 Qd8 23. Rc3 Nf6 24. Bg5 h6 25. Be3 Bh5 26. g4 Bf7 27. Qd2 Nh7 28. f4 exf4 29. Bxf4 Qf6 30. Rf1 Bg6 31. Rcc1 Qh4 32. Qf2 Qxg4+ 33. Qg3 Qxg3+ 34. hxg3 Rad8 35. a4 Nf6 36. a5 Be4 37. Rfd1 Nh5 38. Rd4 Bh7 39. cxd6 cxd6 40. Rc3 g5 41. Bd2 Rde8 42. Ba4 Re4 43. Rxe4 Bxe4 44. Re3 Nf6 45. b5 axb5 46. Bxb5 Bxd5 47. Bb4 Rc8 48. Re1 Rc2 49. Bf1 Bf3 50. Bxd6 Ne4 51. Be5 Rc5 52. Bd4 Rxa5 53. Bd3 Nd6 54. Bf6 1/2-1/2

[Event "Dreszer Open"]
[Site "Gdynia POL"]
[Date "1989.??.??"]
[Round "3"]
[White "Timoshenko, Georgy"]
[Black "Juroszek, Tadeusz"]
[Result "1-0"]
[WhiteElo "2530"]
[BlackElo "2425"]
[PlyCount "76"]
[EventDate "1989.??.??"]
[Source "www.chesslib.no"]
[SourceDate "2004.05.04"]

1. e4 e5 2. Nf3 Nc6 3. Bb5 a6 4. Ba4 d6 5. O-O Bd7 6. c3 Nge7 7. d4 h6 8. Be3 g5 9. Re1 Ng6 10. Nfd2 Nf4 11. Nf1 h5 12. d5 Ne7 13. c4 b5 14. Bb3 Neg6 15. a4 Nh4 16. Bxf4 gxf4 17. Qd3 Nxg2 18. Kxg2 Qg5+ 19. Kh1 Rg8 20. Ng3 fxg3 21. fxg3 b4 22. Nd2 Be7 23. Rg1 c5 24. dxc6 Bxc6 25. c5 dxc5 26. Rgf1 Rg7 27. Bd5 Bxd5 28. exd5 Rd8 29. Ne4 Qg6 30. Rad1 h4 31. Kg2 hxg3 32. hxg3 Rh7 33. d6 Rh6 34. Qc4 Bxd6 35. Rf6 Qh5 36. Rfxd6 Rdxd6 37. Rxd6 Qh3+ 38. Kf2 Qh2+ 1-0

[Event "Prague CZE"]
[Site "?"]
[Date "2006.01.20"]
[Round "9"]
[White "Neelotpal Das"]
[Black "Vokac Marek"]
[Result "1/2-1/2"]
[WhiteElo "2509"]
[BlackElo "2445"]
[PlyCount "59"]
[EventDate "2006.??.??"]
[Source "www.chesslib.no"]
[SourceDate "2004.05.04"]

1. e4 e5 2. Nf3 Nc6 3. Bb5 a6 4. Ba4 d6 5. c3 Bd7 6. d4 Nf6 7. Nbd2 Be7 8. d5 Nb8 9. O-O O-O 10. Re1 Bxa4 11. Qxa4 Nbd7 12. c4 Nh5 13. Qc2 g6 14. b4 Ng7 15. Bb2 f5 16. c5 Nf6 17. Rad1 Kh8 18. exf5 gxf5 19. Nc4 Ng8 20. Qe2 Bf6 21. Na5 b6 22. Nc6 Qe8 23. cxd6 cxd6 24. Nd2 b5 25. Nf1 Ne7 26. f4 Nxc6 27. dxc6 Qxc6 28. Qd2 exf4 29. Bxf6 Rxf6 30. Qxf4 1/2-1/2

[Event "FIN-SWE"]
[Site "Helsinki"]
[Date "1991.??.??"]
[Round "2"]
[White "Hellers, Ferdinand"]
[Black "Rantanen, Yrjo A"]
[Result "1-0"]
[WhiteElo "2520"]
[BlackElo "2430"]
[PlyCount "37"]
[EventDate "1991.??.??"]
[Source "ChessBase"]

1. e4 e5 2. Nf3 Nc6 3. Bb5 a6 4. Ba4 Nge7 5. c3 d6 6. d4 Bd7 7. Bb3 h6 8. Na3 exd4 9. cxd4 Na5 10. Bc2 c5 11. O-O Nec6 12. d5 Nb4 13. Bb1 Qf6 14. Re1 Be7 15. e5 dxe5 16. Nxe5 O-O-O 17. Bd2 Be8 18. Bc3 Qd6 19. Nec4 1-0

[Event "CUB-ch"]
[Site "Santa Clara"]
[Date "2000.??.??"]
[Round "?"]
[White "Gonzalez, Yuri"]
[Black "Arencibia, Walter"]
[Result "1/2-1/2"]
[WhiteElo "2421"]
[BlackElo "2529"]
[PlyCount "128"]
[EventDate "2000.??.??"]
[Source "www.chesslib.no"]
[SourceDate "2004.05.04"]

1. e4 e5 2. Nf3 Nc6 3. Bb5 a6 4. Ba4 d6 5. c3 Bd7 6. O-O Nge7 7. d4 Ng6 8. d5 Nb8 9. Bxd7+ Nxd7 10. c4 Be7 11. Nc3 h6 12. b4 a5 13. bxa5 Rxa5 14. a4 O-O 15. Ba3 Qc8 16. Nd2 Ra6 17. Re1 Nb6 18. Qb3 Nf4 19. Nf1 Qd7 20. Ne3 Rfa8 21. g3 Nh3+ 22. Kg2 Ng5 23. Nf5 Bf8 24. Bc1 g6 25. Bxg5 hxg5 26. Ne3 g4 27. Qd1 Bg7 28. Qxg4 Qxg4 29. Nxg4 Nxa4 30. Nb5 Nc5 31. Rab1 Rc8 32. f3 Ra2+ 33. Kg1 Kf8 34. Ra1 Ra6 35. Reb1 Ke8 36. Kf2 Kd7 37. Rxa6 bxa6 38. Nc3 f5 39. Ne3 Rh8 40. exf5 gxf5 41. Nxf5 Rxh2+ 42. Ke3 Rc2 43. Ne4 Nxe4 44. fxe4 Bf6 45. Ra1 Rc3+ 46. Kd2 Rxc4 47. Kd3 Rb4 48. Rxa6 Rb3+ 49. Kc4 Rb1 50. Ra2 Bg5 51. Kd3 Rh1 52. Rb2 Kc8 53. Rg2 Kd7 54. Rb2 Kc8 55. Rf2 Kd7 56. Ng7 Rd1+ 57. Kc2 Rc1+ 58. Kb2 Rc4 59. Rf7+ Kc8 60. Ne6 Bd2 61. g4 Rxe4 62. Rxc7+ Kb8 63. Rc2 Re2 64. Ng5 e4 1/2-1/2